zpět

Detail výsledku týmu

Stavba, Brno

Datum a čas kvízu

30 Celkem bodů Celkový počet nahraných bodů na tomto kvízu bez doplňovacích otázek.
7. Pořadí na kvízu Konečné umístění týmu na tomto kvízu.

Zaznamenané odpovědi

# Otázka Odpověď Body Výsledky
1. Petr Pavel si jako první český... Jana Vohralíková, Markéta Řeháková 0.5
2. Ve věku 79 let zemřel v neděli... Pákistán 0
3. Takovou party ještě strašnické... Petr Hošek 1
4. Zhruba stovka lidí pracujících... Wolt 1
5. Ve čtvrtek měl premiéru další... Zlatan Ibrahimović, Tomáš Ujfaluši 0
6. Nyní se zaměříme na umělce a j... Less 1
7. Postava francouzského malíře P... B) šimpanz 0
8. Za kontroverzní byl ve své dob... Édouard Manet, Snídaně v trávě 0.5
9. Slavný italský umělec Maurizio... o banán 1
10. V poslední otázce se vrátíme k... Entropa 1